|
LDR
| 01741nam a22004695i 4500 |
|---|
| 001 | 41949 |
|---|
| 003 | CONS |
|---|
| 005 | 20130727032420.0 |
|---|
| 007 | cr nn 008mamaa |
|---|
| 008 | 120725s2013 gw | s |||| 0|eng d |
|---|
| 020 | | . |
‡a9783642305238
‡9978-3-642-30523-8 |
|---|
| 024 | 7 | . |
‡a10.1007/978-3-642-30523-8
‡2doi |
|---|
| 035 | | . |
‡a(DE-He213)978-3-642-30523-8 |
|---|
| 050 | | 4. |
‡aQC801-809 |
|---|
| 072 | | 7. |
‡aPHVG
‡2bicssc |
|---|
| 072 | | 7. |
‡aTQ
‡2bicssc |
|---|
| 072 | | 7. |
‡aSCI032000
‡2bisacsh |
|---|
| 100 | 1 | . |
‡aEmeis, Stefan.
‡eauthor. |
|---|
| 245 | 1 | 0. |
‡aWind Energy Meteorology
‡h[electronic resource] :
‡bAtmospheric Physics for Wind Power Generation /
‡cby Stefan Emeis. |
|---|
| 264 | | 1. |
‡aBerlin, Heidelberg :
‡bSpringer Berlin Heidelberg :
‡bImprint: Springer,
‡c2013. |
|---|
| 300 | | . |
‡aXIV, 196 p. 94 illus., 16 illus. in color.
‡bonline resource. |
|---|
| 336 | | . |
‡atext
‡btxt
‡2rdacontent |
|---|
| 337 | | . |
‡acomputer
‡bc
‡2rdamedia |
|---|
| 338 | | . |
‡aonline resource
‡bcr
‡2rdacarrier |
|---|
| 347 | | . |
‡atext file
‡bPDF
‡2rda |
|---|
| 490 | 1 | . |
‡aGreen Energy and Technology,
‡x1865-3529 |
|---|
| 650 | | 0. |
‡aPhysics. |
|---|
| 650 | | 0. |
‡aMeteorology. |
|---|
| 650 | | 0. |
‡aRenewable energy sources. |
|---|
| 650 | | 0. |
‡aPhysical geography. |
|---|
| 650 | 1 | 4. |
‡aPhysics. |
|---|
| 650 | 2 | 4. |
‡aGeophysics and Environmental Physics. |
|---|
| 650 | 2 | 4. |
‡aRenewable and Green Energy. |
|---|
| 650 | 2 | 4. |
‡aMeteorology/Climatology. |
|---|
| 650 | 2 | 4. |
‡aEnvironmental Physics. |
|---|
| 650 | 2 | 4. |
‡aEnergy Efficiency (incl. Buildings). |
|---|
| 650 | 2 | 4. |
‡aRenewable and Green Energy. |
|---|
| 710 | 2 | . |
‡aSpringerLink (Online service) |
|---|
| 773 | 0 | . |
‡tSpringer eBooks |
|---|
| 776 | 0 | 8. |
‡iPrinted edition:
‡z9783642305221 |
|---|
| 830 | | 0. |
‡aGreen Energy and Technology,
‡x1865-3529 |
|---|
| 856 | 4 | 0. |
‡uhttp://biblioteca.ipicyt.edu.mx:2048/login?url=http://dx.doi.org/10.1007/978-3-642-30523-8
‡yTexto completo
‡9CONS |
|---|
| 950 | | . |
‡aEnergy (Springer-40367) |
|---|
| 901 | | . |
‡a41949
‡b
‡c41949
‡tbiblio
‡sSystem Local |
|---|